00641nam a2200193 a 450000100100000000500170001000800410002704000250006808200140009310000350010724500480014226000380019030000210022849000190024950400240026883000260029295201120031899900170043000004142120201002034856.0131003s1981 xxu 000 0 spa d aDO-SdBNPbengcBNPHU axxxxbxxx1 aStevenson, Robert Louis96429910aTreasure island. /cRobert Louis Stevenson. aNew York :bPenguin group,c1981. a222 p. ;c18 cm.1 aSignet classic aBibliography p: 223 0aSignet classic968091 001050718MOaGRbGRcCTd2013-10-03iLF1l0oxxxx xxxp41421-10r2020-06-25w2020-06-25y1ZNo se presta c40911d40911